[Event "AUTO-MASTER-863"]
[Site "http://www.queenalice.com/game.php?id=626478"]
[Date "2009.7.29"]
[Round "1"]
[White "Shodan"]
[Black "jhonystrike"]
[Result "0-1"]
[WhiteElo "2120"]
[BlackElo "2192"]

1. e4 Nf6 2. e5 Nd5 3. d4 d6 4. c4 Nb6 5. exd6 cxd6 6. Nc3 g6 7. Be3 Bg7 8. Rc1
O-O 9. b3 Nc6 10. d5 Ne5 11. Be2 e6 12. f4 Ned7 0-1

[Event "AUTO-MASTER-863"]
[Site "http://www.queenalice.com/game.php?id=626485"]
[Date "2009.7.29"]
[Round "1"]
[White "Shodan"]
[Black "mds"]
[Result "0-1"]
[WhiteElo "2133"]
[BlackElo "2283"]

1. e4 Nc6 2. d4 d5 3. e5 Bf5 4. Ne2 e6 5. Ng3 Bg6 6. h4 h6 7. h5 Bh7 8. Nc3 Nb4
9. Bd3 Nxd3+ 10. cxd3 Ne7 11. Bf4 Nc6 12. Be3 Nb4 13. Qa4+ Qd7 14. Qxd7+ Kxd7
15. Kd2 Nxd3 16. f4 Nxb2 17. a4 Bb4 18. f5 Nc4+ 19. Kd3 Nxe3 20. Kxe3 Bxc3 0-1

[Event "AUTO-MASTER-863"]
[Site "http://www.queenalice.com/game.php?id=626486"]
[Date "2009.7.29"]
[Round "1"]
[White "mds"]
[Black "Shodan"]
[Result "1-0"]
[WhiteElo "2266"]
[BlackElo "2150"]

1. b3 e5 2. Bb2 Nc6 3. e3 d5 4. Bb5 Qg5 5. Nf3 Qxg2 6. Rg1 Qh3 7. Bxe5 a6 8.
Bxc6+ bxc6 9. Bxg7 Bg4 10. Rxg4 Qxg4 11. Nc3 Qg2 12. Bxh8 1-0

[Event "AUTO-MASTER-673"]
[Site "http://www.queenalice.com/game.php?id=633929"]
[Date "2009.8.10"]
[Round "2"]
[White "mds"]
[Black "Shodan"]
[Result "1-0"]
[WhiteElo "2275"]
[BlackElo "2141"]

1. d4 f5 2. h3 Nf6 3. g4 fxg4 4. hxg4 Nxg4 5. Qd3 d5 6. Rxh7 Rxh7 7. Qg6+ Kd7 8.
Qxh7 Nf6 9. Qd3 e6 10. Nf3 Bd6 11. Ne5+ Ke8 12. Qg6+ 1-0

[Event "AUTO-MASTER-673"]
[Site "http://www.queenalice.com/game.php?id=633930"]
[Date "2009.8.10"]
[Round "2"]
[White "Shodan"]
[Black "mds"]
[Result "0-1"]
[WhiteElo "2101"]
[BlackElo "2267"]

1. d4 Nf6 2. c4 c5 3. d5 b5 4. cxb5 a6 5. Nf3 e6 6. dxe6 fxe6 7. Nc3 d5 8. bxa6
Bxa6 9. e4 Bxf1 10. Kxf1 Be7 11. h3 d4 12. e5 dxc3 13. Qxd8+ Bxd8 14. exf6 Bxf6
15. bxc3 Bxc3 16. Rb1 O-O 17. a3 Nc6 18. Rb6 Nd4 19. Nxd4 Bxd4 20. Rxe6 Rxf2+
21. Ke1 Kf7 22. Rd6 Re8+ 0-1

[Event "AUTO-MASTER-673"]
[Site "http://www.queenalice.com/game.php?id=633931"]
[Date "2009.8.10"]
[Round "2"]
[White "Pollyanna"]
[Black "Shodan"]
[Result "1-0"]
[WhiteElo "2420"]
[BlackElo "2123"]

1. e4 c6 2. d4 d5 3. e5 Bf5 4. Nc3 e6 5. g4 Bg6 6. Nge2 h6 7. Nf4 Bh7 8. Bd3
Bxd3 9. Qxd3 Nd7 10. Be3 Bb4 11. O-O-O Qa5 12. Nxe6 fxe6 13. Qg6+ Kf8 14. Qxe6
1-0

[Event "AUTO-MASTER-673"]
[Site "http://www.queenalice.com/game.php?id=633932"]
[Date "2009.8.10"]
[Round "2"]
[White "Shodan"]
[Black "Pollyanna"]
[Result "0-1"]
[WhiteElo "2126"]
[BlackElo "2413"]

1. e4 e5 2. Nf3 Nc6 3. Bb5 a6 4. Bxc6 dxc6 5. d3 f6 6. Be3 Be6 7. Nbd2 c5 8. O-O
g5 9. Qe2 h5 10. Nb3 b6 11. c3 Ne7 12. d4 Bxb3 13. axb3 cxd4 14. cxd4 g4 15. Nh4
exd4 0-1

[Event "AUTO-OPEN-1756"]
[Site "http://www.queenalice.com/game.php?id=680266"]
[Date "2009.11.9"]
[Round "1"]
[White "daniel0176"]
[Black "Shodan"]
[Result "0-1"]
[WhiteElo "1778"]
[BlackElo "2114"]

1. e4 e5 2. Nf3 Nc6 3. Bb5 a6 4. Bxc6 dxc6 5. Nxe5 Qd4 6. Nc3 Qxe5 7. O-O Bd6 8.
g3 h5 9. d4 Qe7 10. e5 Bb4 11. Ne4 Bh3 12. Bg5 f6 13. Nxf6+ gxf6 14. exf6 Qe4
15. f3 Qg6 16. Qe2+ Kd7 17. Rf2 Qxg5 18. f7 Nh6 19. f4 Qf5 20. c3 Bd6 21. c4
Nxf7 22. c5 Be7 23. Re1 Rae8 24. Qe4 Qxe4 25. Rxe4 Bxc5 0-1

[Event "AUTO-OPEN-1756"]
[Site "http://www.queenalice.com/game.php?id=680267"]
[Date "2009.11.9"]
[Round "1"]
[White "Shodan"]
[Black "daniel0176"]
[Result "1-0"]
[WhiteElo "2112"]
[BlackElo "1779"]

1. e4 e5 2. f4 exf4 3. Nf3 Nf6 4. Nc3 a6 5. e5 Qe7 6. Qe2 Ng4 7. h3 Nh6 8. Nd5
Qc5 9. Qe4 Be7 10. b4 f5 11. exf6 Qd6 12. Qxe7+ Qxe7+ 13. fxe7 Ra7 14. Nxc7+
Kxe7 15. Nd5+ Kd8 16. Bb2 Re8+ 17. Kf2 b5 18. Bxg7 1-0

[Event "AUTO-OPEN-1756"]
[Site "http://www.queenalice.com/game.php?id=680294"]
[Date "2009.11.9"]
[Round "1"]
[White "gmvilela"]
[Black "Shodan"]
[Result "0-1"]
[WhiteElo "2280"]
[BlackElo "2103"]

1. e4 e5 2. Nf3 Nc6 3. Bc4 Be7 4. d4 d6 5. c3 Nf6 6. d5 Nb8 7. Bd3 O-O 8. c4 c6
9. Nc3 Na6 10. a3 cxd5 11. exd5 Nc5 12. Bc2 a5 13. Be3 b6 14. h3 Bd7 15. b4 axb4
16. axb4 Na6 17. Qb1 Nxb4 18. Bxh7+ Nxh7 19. Rxa8 Qxa8 20. Qxb4 Qa1+ 21. Nb1 Rc8
22. O-O Qa5 23. Qb2 Rxc4 24. Bxb6 Qxd5 25. Na3 Rc8 26. Nb1 Bxh3 0-1

[Event "AUTO-OPEN-1756"]
[Site "http://www.queenalice.com/game.php?id=680295"]
[Date "2009.11.9"]
[Round "1"]
[White "Shodan"]
[Black "gmvilela"]
[Result "1-0"]
[WhiteElo "2120"]
[BlackElo "2263"]

1. e4 c5 2. Nf3 Nc6 3. Bb5 Qa5 4. Bxc6 dxc6 5. O-O Bg4 6. d3 Nf6 7. Nbd2 e6 8.
b3 O-O-O 9. Nc4 Qc7 10. Bb2 Nxe4 11. dxe4 Rxd1 12. Raxd1 Bxf3 13. gxf3 f6 14. e5
b5 15. Nd6+ Kb8 16. c4 a6 17. Rd3 Be7 18. f4 g5 19. exf6 Bxd6 20. Rxd6 gxf4 21.
Rfd1 Rg8+ 22. Kf1 Qf7 23. Be5 Ka8 24. Rd7 Qh5 25. f7 Qh3+ 26. Ke1 Rg1+ 27. Kd2
1-0

[Event "AUTO-MASTER-952"]
[Site "http://www.queenalice.com/game.php?id=680430"]
[Date "2009.11.9"]
[Round "1"]
[White "Shodan"]
[Black "mds"]
[Result "0-1"]
[WhiteElo "2116"]
[BlackElo "2286"]

1. d4 f5 2. h3 b6 3. g4 Bb7 4. Nf3 e6 5. gxf5 Bxf3 6. exf3 exf5 7. Nc3 Bb4 8.
Qe2+ Qe7 9. Bg5 Qxe2+ 10. Kxe2 Nc6 11. Nd5 Bd6 0-1

[Event "AUTO-MASTER-952"]
[Site "http://www.queenalice.com/game.php?id=680431"]
[Date "2009.11.9"]
[Round "1"]
[White "mds"]
[Black "Shodan"]
[Result "1-0"]
[WhiteElo "2293"]
[BlackElo "2109"]

1. e4 e5 2. f4 exf4 3. Nf3 g5 4. Bc4 g4 5. O-O Nf6 6. Ne5 d5 7. exd5 Bg7 8. Nc3
O-O 9. d4 Nbd7 10. Nxd7 Bxd7 11. Bxf4 1-0

[Event "AUTO-MASTER-952"]
[Site "http://www.queenalice.com/game.php?id=680432"]
[Date "2009.11.9"]
[Round "1"]
[White "Shodan"]
[Black "jartuga99"]
[Result "1-0"]
[WhiteElo "2164"]
[BlackElo "1947"]

1. e4 c5 2. Nf3 Nc6 3. Bb5 d6 4. Bxc6+ bxc6 5. O-O Nf6 6. d3 g6 7. c4 Bg7 8. Bd2
O-O 9. Bc3 Bg4 10. h3 Bd7 11. e5 Ne8 12. Nbd2 d5 13. Nb3 d4 14. Ba5 Qb8 15. Nxc5
Bf5 16. Qe2 Qc8 17. Nxd4 Rb8 18. Bc3 g5 19. Qf3 Bd7 20. Nxd7 Qxd7 21. Qxc6 Qc7
22. Qxc7 Nxc7 23. Nc6 Ra8 24. Nxe7+ Kh8 25. Nf5 Ne6 26. g3 Rfd8 27. d4 Bf8 28.
Rae1 a5 29. d5 Ng7 30. e6 fxe6 31. dxe6 Kg8 32. Nh6+ Kh8 33. Nf7+ Kg8 34. Nxd8
Be7 35. Nc6 Re8 36. Nxe7+ Rxe7 37. Bxg7 Kxg7 38. Re5 Kf6 39. Rfe1 a4 40. b4 1-0

[Event "AUTO-MASTER-952"]
[Site "http://www.queenalice.com/game.php?id=680433"]
[Date "2009.11.9"]
[Round "1"]
[White "jartuga99"]
[Black "Shodan"]
[Result "0-1"]
[WhiteElo "2008"]
[BlackElo "2169"]

1. e4 e5 2. Bc4 Nf6 3. d3 Nc6 4. a4 Bc5 5. c3 a5 6. h3 O-O 7. Nf3 d5 8. exd5
Nxd5 9. Bg5 f6 10. Bh4 Kh8 11. d4 exd4 12. Kf1 Nb6 13. Ba2 d3 14. Nbd2 Re8 15.
g4 Nd7 16. Kg2 Nde5 17. Re1 b6 18. Ne4 Nxf3 19. Kxf3 Bb7 20. Kg2 d2 21. Re2 Rxe4
22. Rxe4 Ne5 23. f3 Bxe4 24. fxe4 Qd3 25. Bb1 Qf3+ 26. Qxf3 Nxf3 27. Bc2 Nxh4+
28. Kg3 g5 29. Rd1 Rd8 30. Rf1 Kg7 31. Bb3 Rd3+ 32. Kh2 Bd6+ 33. Kg1 Rxh3 34.
Kf2 Rf3+ 35. Ke2 Rxf1 36. Kxf1 Ng6 37. Ke2 Bf4 38. Be6 Ne5 39. b4 c5 40. bxc5
bxc5 41. Kd1 Kf8 42. Bd5 Nxg4 43. Bb3 h5 44. Ke2 h4 45. Kf3 h3 46. Bd1 h2 0-1

[Event "AUTO-MASTER-952"]
[Site "http://www.queenalice.com/game.php?id=680434"]
[Date "2009.11.9"]
[Round "1"]
[White "Shodan"]
[Black "gmvilela"]
[Result "1-0"]
[WhiteElo "2136"]
[BlackElo "2224"]

1. e4 c5 2. Nf3 Nc6 3. Bb5 Qa5 4. Nc3 Nd4 5. Bc4 e6 6. O-O Be7 7. d3 a6 8. Nxd4
cxd4 9. Ne2 b5 10. Bb3 Qb6 11. a4 Bb7 12. axb5 axb5 13. Rxa8+ Bxa8 14. Bd2 Nf6
15. Qa1 O-O 16. Qa5 Qc5 17. c3 dxc3 18. Qxc3 Qxc3 19. bxc3 d5 20. e5 Nd7 21. d4
Nb6 22. Ra1 Nc4 23. Bc1 Rb8 24. Ra7 Bf8 25. h4 Bc6 26. Bc2 b4 27. cxb4 Bxb4 28.
Bd3 Bb5 29. h5 Nd6 30. exd6 Bxd3 31. d7 Kf8 32. Rb7 Ra8 33. Nf4 1-0

[Event "AUTO-MASTER-952"]
[Site "http://www.queenalice.com/game.php?id=680435"]
[Date "2009.11.9"]
[Round "1"]
[White "gmvilela"]
[Black "Shodan"]
[Result "0-1"]
[WhiteElo "2177"]
[BlackElo "2151"]

1. e4 e5 2. Nf3 Nc6 3. Bc4 Nf6 4. Ng5 Bc5 5. Bxf7+ Ke7 6. Bb3 Rf8 7. O-O h6 8.
Nf3 d6 9. c3 Bg4 10. h3 Bh5 11. d3 Qd7 12. Be3 Bxe3 13. fxe3 g5 14. Nbd2 Rae8
15. Qc2 g4 16. Nh4 gxh3 17. Nf5+ Kd8 18. gxh3 Kc8 19. Kh2 Bg6 20. Rf3 Nh7 21.
Raf1 Ng5 22. R3f2 Kb8 23. Nf3 Rf6 24. N3h4 Ne7 25. Qe2 Bh7 26. Qg4 Ref8 27. Kg2
Bxf5 28. Nxf5 Nxe4 29. Qxe4 Nxf5 30. Bd1 d5 31. Qxe5 Re6 32. Qf4 Nxe3+ 33. Qxe3
Rxe3 34. Rxf8+ Re8 35. Bg4 Qe7 36. R8f7 Qe3 37. d4 a5 38. Rd7 h5 39. Bxh5 Rg8+
40. Bg4 Qe2+ 0-1

[Event "AUTO-OPEN-1756"]
[Site "http://www.queenalice.com/game.php?id=757039"]
[Date "2010.4.6"]
[Round "2"]
[White "Shodan"]
[Black "tayron"]
[Result "1-0"]
[WhiteElo "2179"]
[BlackElo "1486"]

1. e4 c5 2. Nf3 Nc6 3. Bb5 d6 4. Bxc6+ bxc6 5. O-O Bg4 6. d3 Nf6 7. Nbd2 g6 8.
b3 Bg7 9. Bb2 O-O 10. Rb1 Qa5 11. Nc4 Qc7 12. Ne3 Bxf3 13. Qxf3 Rfd8 14. Rfe1
Rab8 15. e5 dxe5 16. Nc4 Rd5 17. Bxe5 Rxe5 18. Nxe5 Nd5 19. Qxf7+ Kh8 20. Qe6
Bxe5 21. Qxe5+ Qxe5 22. Rxe5 Rf8 23. c4 Nc3 24. Rc1 Nxa2 25. Ra1 Nb4 26. Rxa7
Nxd3 27. Rexe7 1-0

[Event "AUTO-OPEN-1756"]
[Site "http://www.queenalice.com/game.php?id=757040"]
[Date "2010.4.6"]
[Round "2"]
[White "tayron"]
[Black "Shodan"]
[Result "0-1"]
[WhiteElo "1484"]
[BlackElo "2180"]

1. d4 f5 2. Nc3 Nf6 3. Nf3 b6 4. Bg5 Bb7 5. e3 e6 6. Bc4 Bb4 7. O-O h6 8. Bxf6
Qxf6 9. Qd3 O-O 10. a3 Bxc3 11. Qxc3 Bxf3 12. gxf3 d5 13. Bd3 c5 14. Kh1 Nc6 15.
Rg1 Rac8 16. Ba6 Rc7 17. Rad1 f4 18. Be2 a5 19. Rd3 cxd4 20. exd4 Rff7 21. Qb3
Nxd4 22. Rxd4 Qxd4 0-1

[Event "AUTO-OPEN-1756"]
[Site "http://www.queenalice.com/game.php?id=757041"]
[Date "2010.4.6"]
[Round "2"]
[White "Shodan"]
[Black "BIGJACK"]
[Result "1-0"]
[WhiteElo "2176"]
[BlackElo "1846"]

1. e4 e5 2. Nf3 Nc6 3. Bb5 a6 4. Ba4 Nf6 5. O-O Bc5 6. Nxe5 Nxe5 7. d4 Bxd4 8.
Qxd4 Nc6 9. Qd3 b5 10. Bb3 O-O 11. Bg5 Ne5 12. Qg3 Re8 13. f4 Nc4 14. Bxc4 bxc4
15. e5 Ne4 16. Qf3 Nxg5 17. Qxa8 Ne6 18. Nc3 Qe7 19. Qa7 Qb4 20. Rab1 Bb7 21. a3
Qc5+ 22. Qxc5 Nxc5 23. Rbd1 Rd8 24. Rd4 d5 25. exd6 Rxd6 26. Rxd6 cxd6 27. Rd1
Ne4 28. Nxe4 Bxe4 29. Rxd6 Bxc2 30. Rd8# 1-0

[Event "AUTO-OPEN-1756"]
[Site "http://www.queenalice.com/game.php?id=757042"]
[Date "2010.4.6"]
[Round "2"]
[White "BIGJACK"]
[Black "Shodan"]
[Result "0-1"]
[WhiteElo "1840"]
[BlackElo "2178"]

1. e4 Nf6 2. e5 Nd5 3. d4 d6 4. Nf3 Bg4 5. Be2 e6 6. O-O Be7 7. h3 Bh5 8. Nbd2
Nc6 9. c3 dxe5 10. Nxe5 Bxe2 11. Qxe2 Nxe5 12. Qxe5 O-O 13. Nf3 Qd6 14. Re1 Bf6
15. Qxd6 cxd6 16. Bg5 h6 17. Bxf6 Nxf6 18. Re3 Rfc8 19. Rae1 b5 20. b3 a5 21.
Nd2 Nd5 22. Rg3 Rxc3 23. Ne4 Rc6 24. h4 f5 25. Nd2 Kf7 26. Rge3 Nxe3 27. fxe3
Rc2 28. Nb1 b4 29. a3 Rac8 30. axb4 axb4 31. Kf1 Rb2 32. Nd2 Rxd2 0-1

[Event "AUTO-OPEN-1756"]
[Site "http://www.queenalice.com/game.php?id=757044"]
[Date "2010.4.6"]
[Round "2"]
[White "mds"]
[Black "Shodan"]
[Result "1-0"]
[WhiteElo "2360"]
[BlackElo "2186"]

1. Nf3 Nf6 2. b3 g6 3. Bb2 Bg7 4. g3 O-O 5. Bg2 d6 6. O-O e5 7. c4 Nc6 8. d4
exd4 9. Nxd4 Nxd4 10. Qxd4 Ne4 11. Qxg7# 1-0